000 00627nam a2200193Ia 4500
003 GCL
008 140319s9999 xx 000 0 ara d
040 _aGCL /
_cGCL
082 0 4 _a371.897
_bع ص
100 1 _aعبدالمجيد عبدالله فرج
245 1 0 _aالصحافة المدرسية /
_cعبدالمجيد عبدالله فرج
250 _aالاولى
260 _aالقاهرة :
_bعبدالمجيد عبدالله فرج
300 _a93 ص ؛
_c18 سم
650 0 4 _aالنشاط المدرسى
650 0 4 _aالصحافة المدرسية
650 0 4 _aالطلبة - نشاط
942 _2ddc
_cBK
999 _c4882
_d4882